000 00838nam a2200229Ia 4500
003 OSt
005 20250416092728.0
008 191128s2018 ck er 000 f spa d
020 _a9789584268730
040 _aCO-JMCR
_cCO-JMCR
041 _aspa
082 0 4 _aA-N
_bMENd
100 1 _aMendoza, Mario,
_eautor
_9172
245 1 0 _aDiario del fin del mundo /
_cMario Mendoza
250 _aSegunda edición
260 _aBogotá :
_bPlaneta,
_c2018
300 _a251 páginas ;
_c 22 cm.
490 0 _aAutores españoles e iberoamericanos
520 _aDos amantes de Carmen Andreu nos habla de su adicción a las drogas, de su estadía en una secta religiosa, de su nomadismo como fotógrafa de paisajes desérticos, de sus secretos trabajos como modelo de películas porno.
650 1 4 _aNovela colombiana
_97611
942 _2ddc
_cBK
999 _c4387
_d4387